[Event "World Cup"]
[Site "Tbilisi GEO"]
[Date "2017.09.08"]
[EventDate "2017.09.03"]
[Round "2.3"]
[Result "0-1"]
[White "Martyn Kravtsiv"]
[Black "Ding Liren"]
[WhiteElo "2665"]
[BlackElo "2777"]
[PlyCount "220"]

1. c4 Nf6 2. Nc3 e6 3. d4 Bb4 4. e3 O-O 5. Bd3 d5 6. Nf3 dxc4
7. Bxc4 c5 8. O-O cxd4 9. exd4 b6 10. Qe2 Bb7 11. Rd1 Bxc3
12. bxc3 Qc7 13. Ne5 Nbd7 14. Nxd7 Qxd7 15. Bd2 Ne4 16. f3
Nxd2 17. Qxd2 Rac8 18. Bb3 Bd5 19. Qd3 Qc6 20. Rac1 Bc4
21. Bxc4 Qxc4 22. Rc2 Rfd8 23. Kf2 h5 24. Qxc4 Rxc4 25. Ke2 b5
26. f4 f6 27. Kd3 e5 28. fxe5 fxe5 29. Rb1 a6 30. Rbb2 exd4
31. cxd4 Rdxd4+ 32. Ke3 Re4+ 33. Kf3 Rf4+ 34. Ke3 Kh7 35. g3
Rfe4+ 36. Kf3 Rxc2 37. Rxc2 Ra4 38. h4 Kg6 39. Rc6+ Kf7
40. Rc7+ Kf6 41. Rc6+ Ke5 42. Rc5+ Kf6 43. Rc6+ Kf7 44. Rc7+
Kg6 45. Rc6+ Kh7 46. Rc2 g6 47. Ke3 Kg7 48. Rc7+ Kf6 49. Rc6+
Kf5 50. Rc5+ Ke6 51. Rc6+ Ke5 52. Rxg6 Ra3+ 53. Kd2 Rxa2+
54. Kc3 Ke4 55. Rg5 Kf3 56. Rxh5 Kxg3 57. Rh8 Ra4 58. h5 Kg4
59. Kb3 Kg5 60. Kb2 Rh4 61. Ra8 Rb4+ 62. Kc3 Rc4+ 63. Kb3 Rc6
64. Rh8 Rh6 65. Rd8 Kxh5 66. Rd5+ Kg4 67. Kb4 Kf4 68. Rd1 Ke3
69. Kc5 Ke2 70. Rd4 Rh1 71. Rd6 Ra1 72. Rh6 Kd3 73. Kb4 Rb1+
74. Ka5 Ra1+ 75. Kb4 Kd4 76. Rh4+ Ke5 77. Rh5+ Kf6 78. Rh6+
Kg5 79. Rd6 Ra4+ 80. Kb3 Kf5 81. Rh6 Ke5 82. Rg6 Kd5 83. Rf6
Kc5 84. Rh6 Ra1 85. Kb2 Ra4 86. Kb3 Rb4+ 87. Ka3 a5 88. Rh5+
Kd6 89. Rh6+ Ke5 90. Rh5+ Kf6 91. Rh6+ Kg5 92. Ra6 Ra4+
93. Kb3 Kf5 94. Rh6 Rg4 95. Rb6 a4+ 96. Ka2 Rb4 97. Rh6 Rb3
98. Rh4 Ke5 99. Rg4 Kd5 100. Rh4 Kc5 101. Rh5+ Kb4 102. Rh4+
Ka5 103. Rh5 Rf3 104. Rg5 a3 105. Rg4 b4 106. Rh4 Rf2+
107. Kb3 Rb2+ 108. Kc4 a2 109. Rh8 Rc2+ 110. Kb3 a1=N# 0-1

[Event "World Cup"]
[Site "Tbilisi GEO"]
[Date "2017.09.08"]
[EventDate "2017.09.03"]
[Round "2.4"]
[Result "1/2-1/2"]
[White "Ding Liren"]
[Black "Martyn Kravtsiv"]
[WhiteElo "2771"]
[BlackElo "2670"]
[PlyCount "49"]

1. d4 e6 2. c4 f5 3. g3 Nf6 4. Bg2 Be7 5. Nf3 O-O 6. O-O d6
7. Nc3 Ne4 8. Qc2 Nxc3 9. bxc3 Nc6 10. d5 Na5 11. dxe6 Bxe6
12. Nd4 Bxc4 13. Nxf5 Bf6 14. Ne3 Bf7 15. Be4 h6 16. Rb1 Kh8
17. c4 Qd7 18. Nd5 Be5 19. Bd2 Nc6 20. Rxb7 Nd4 21. Qd3 Bh5
22. f3 Ne6 23. Be3 Nc5 24. Bxc5 dxc5 25. Nf4 1/2-1/2

[Event "World Cup"]
[Site "Tbilisi GEO"]
[Date "2017.09.09"]
[EventDate "2017.09.03"]
[Round "3.1"]
[Result "1/2-1/2"]
[White "Ding Liren"]
[Black "Vidit Santosh Gujrathi"]
[WhiteElo "2777"]
[BlackElo "2693"]
[PlyCount "75"]

1. c4 c5 2. Nf3 Nc6 3. Nc3 Nf6 4. g3 d5 5. cxd5 Nxd5 6. Bg2
Nc7 7. a3 g6 8. h4 Bg4 9. d3 Bg7 10. Be3 Nd4 11. Bxd4 cxd4
12. Ne4 O-O 13. O-O b6 14. Rc1 Qd7 15. Nh2 Bf5 16. Ng5 Nd5
17. Qb3 Rfd8 18. g4 Be6 19. Nxe6 Qxe6 20. Rc2 Be5 21. Nf3 Bg7
22. g5 Qf5 23. Rfc1 Nf4 24. Bf1 h6 25. Rc7 Nd5 26. Rb7 hxg5
27. hxg5 Rdb8 28. Rxb8+ Rxb8 29. Bh3 Qxh3 30. Qxd5 Rc8
31. Rxc8+ Qxc8 32. Kg2 Qg4+ 33. Kf1 Qh3+ 34. Kg1 Qg4+ 35. Kf1
Qh3+ 36. Kg1 Qg4+ 37. Kh2 Qf4+ 38. Kg2 1/2-1/2

[Event "World Cup"]
[Site "Tbilisi GEO"]
[Date "2017.09.10"]
[EventDate "2017.09.03"]
[Round "3.2"]
[Result "1/2-1/2"]
[White "Vidit Santosh Gujrathi"]
[Black "Ding Liren"]
[WhiteElo "2693"]
[BlackElo "2777"]
[PlyCount "73"]

1. d4 Nf6 2. c4 e6 3. Nc3 Bb4 4. e3 O-O 5. Bd3 d5 6. Nf3 dxc4
7. Bxc4 c5 8. O-O cxd4 9. exd4 b6 10. Qe2 Nc6 11. Rd1 Na5
12. Bd3 Bb7 13. Ne5 Rc8 14. Qe3 Nd5 15. Qg3 f5 16. Bh6 Qe7
17. Bg5 Qe8 18. Bb5 Nxc3 19. bxc3 Qxb5 20. Bh6 Rc7 21. cxb4
Qxb4 22. Nd3 Qe7 23. Bf4 Rc6 24. Re1 Qd8 25. Rad1 Nc4 26. Nb4
Rc8 27. Rxe6 Re8 28. Rxe8+ Qxe8 29. Nd3 Qd7 30. Re1 Be4
31. Ne5 Nxe5 32. Bxe5 Rc6 33. f3 Bd5 34. a3 Rg6 35. Qf4 h6
36. h4 Kh7 37. Rc1 1/2-1/2

[Event "World Cup"]
[Site "Tbilisi GEO"]
[Date "2017.09.11"]
[EventDate "2017.09.03"]
[Round "3.3"]
[Result "1/2-1/2"]
[White "Vidit Santosh Gujrathi"]
[Black "Ding Liren"]
[WhiteElo "2693"]
[BlackElo "2777"]
[PlyCount "94"]

1. d4 Nf6 2. c4 e6 3. Nf3 d5 4. Nc3 c6 5. e3 Nbd7 6. Qc2 Bd6
7. Be2 O-O 8. O-O b6 9. e4 dxe4 10. Nxe4 Nxe4 11. Qxe4 Bb7
12. Bd3 g6 13. Re1 Rb8 14. Bg5 c5 15. Qh4 Qc7 16. Be4 Bxe4
17. Rxe4 cxd4 18. Rxd4 Bc5 19. Rd3 f6 20. Bh6 Rf7 21. Rad1 e5
22. Nd2 Be7 23. Qh3 Nc5 24. Rd5 Rd8 25. b4 Rxd5 26. cxd5 Nb7
27. Ne4 f5 28. Ng5 Qc2 29. Qd3 Qxd3 30. Rxd3 Bxg5 31. Bxg5 Nd6
32. f3 Rc7 33. Bf6 e4 34. Rc3 Rxc3 35. Bxc3 exf3 36. gxf3 Kf7
37. Kf2 g5 38. Be5 Nc4 39. Bb8 a6 40. Ke2 Kf6 41. Kd3 Ne5+
42. Ke3 Nc4+ 43. Kd4 Nd2 44. Ke3 Nc4+ 45. Kd4 Nd2 46. Ke3 Nc4+
47. Kd4 Nd2 1/2-1/2

[Event "World Cup"]
[Site "Tbilisi GEO"]
[Date "2017.09.11"]
[EventDate "2017.09.03"]
[Round "3.4"]
[Result "1-0"]
[White "Ding Liren"]
[Black "Vidit Santosh Gujrathi"]
[WhiteElo "2777"]
[BlackElo "2693"]
[PlyCount "75"]

1. d4 Nf6 2. c4 e6 3. g3 Bb4+ 4. Bd2 Be7 5. Bg2 d5 6. Nf3 O-O
7. O-O Nbd7 8. Bc3 c6 9. b3 Ne4 10. Bb2 b6 11. Nfd2 Ndf6
12. Qc2 Nxd2 13. Nxd2 Bb7 14. e4 dxe4 15. Nxe4 Qc7 16. c5 Rfd8
17. Rfe1 Rd7 18. Ng5 bxc5 19. d5 cxd5 20. Bxf6 g6 21. Qb2 h6
22. Nf3 d4 23. Bxe7 Rxe7 24. Ne5 Bxg2 25. Kxg2 Rd8 26. Rac1
Rd5 27. Qe2 Kg7 28. Rc4 f6 29. Nd3 e5 30. Qf3 Qd8 31. Rxc5
Rxc5 32. Nxc5 Qa5 33. Rc1 Qxa2 34. Ne6+ Rxe6 35. Qb7+ Kf8
36. Rc8+ Re8 37. Rc7 Qa3 38. Rf7+ 1-0

[Event "World Cup"]
[Site "Tbilisi GEO"]
[Date "2017.09.12"]
[EventDate "2017.09.03"]
[Round "4.1"]
[Result "1/2-1/2"]
[White "Wang Hao"]
[Black "Ding Liren"]
[WhiteElo "2702"]
[BlackElo "2777"]
[PlyCount "76"]

1. d4 Nf6 2. c4 e6 3. Nf3 d5 4. Nc3 c6 5. e3 Nbd7 6. Bd3 dxc4
7. Bxc4 b5 8. Bd3 Bb7 9. a3 b4 10. axb4 Bxb4 11. O-O c5
12. Na2 a5 13. Nxb4 axb4 14. Rxa8 Qxa8 15. Be2 O-O 16. Bd2 Bd5
17. dxc5 Rb8 18. Qa1 Nxc5 19. Qxa8 Bxa8 20. Ne5 Nfe4 21. Be1
f6 22. f3 fxe5 23. fxe4 Bxe4 24. Bg3 Bd3 25. Bxe5 Rc8 26. Rc1
Bxe2 27. Bd4 e5 28. Bxc5 Bd3 29. Kf2 Be4 30. g3 g5 31. Ke2 g4
32. Kd2 Rd8+ 33. Ke1 b3 34. Bb6 Rd6 35. Bc7 Rh6 36. Rc4 Bf3
37. Rb4 Rxh2 38. Rxb3 Re2+ 1/2-1/2

[Event "World Cup"]
[Site "Tbilisi GEO"]
[Date "2017.09.13"]
[EventDate "2017.09.03"]
[Round "4.2"]
[Result "1-0"]
[White "Ding Liren"]
[Black "Wang Hao"]
[WhiteElo "2777"]
[BlackElo "2702"]
[PlyCount "113"]

1. d4 Nf6 2. c4 e6 3. g3 d5 4. Bg2 Be7 5. Nf3 O-O 6. O-O dxc4
7. Qc2 a6 8. a4 Bd7 9. Qxc4 Bc6 10. Bg5 h6 11. Bxf6 Bxf6
12. Nc3 Bxf3 13. Bxf3 c6 14. e3 a5 15. b4 axb4 16. Qxb4 Ra7
17. a5 Na6 18. Qb6 Qa8 19. Ne4 Bd8 20. Qb2 Nb8 21. Nd6 Bxa5
22. Nxb7 Qxb7 23. Qxb7 Rxb7 24. Rxa5 Rc8 25. Rc1 Rbc7 26. Ra8
Kf8 27. h4 Ke7 28. h5 Kd6 29. e4 Ke7 30. e5 Rd8 31. Kg2 Rb7
32. Rc4 f6 33. Be4 fxe5 34. dxe5 Rb2 35. Bg6 Nd7 36. Ra7 Re2
37. Re4 Rxe4 38. Bxe4 Rc8 39. f4 Kd8 40. Kf3 c5 41. Ke3 Rc7
42. Ra8+ Rc8 43. Ra6 Ke7 44. Ra7 c4 45. Kd2 c3+ 46. Kc2 Kd8
47. Bd3 Rc5 48. Ra8+ Ke7 49. Ra7 Kd8 50. Ra3 Nb6 51. Rxc3
Rxc3+ 52. Kxc3 Nd5+ 53. Kd4 Ke7 54. Be4 Nb4 55. Kc5 Na2
56. Kc4 Nc1 57. Bd3 1-0

[Event "World Cup"]
[Site "Tbilisi GEO"]
[Date "2017.09.21"]
[EventDate "2017.09.03"]
[Round "6.3"]
[Result "1/2-1/2"]
[White "Wesley So"]
[Black "Ding Liren"]
[WhiteElo "2792"]
[BlackElo "2771"]
[PlyCount "136"]

1. c4 Nf6 2. Nf3 e6 3. g3 d5 4. Bg2 dxc4 5. O-O a6 6. a4 Nc6
7. Qc2 Na5 8. Na3 Qd5 9. Rd1 Bd7 10. d4 Qf5 11. Bd2 Qxc2
12. Nxc2 Nb3 13. Ra2 Bc6 14. Ne5 Bd5 15. Bc3 c5 16. a5 Rc8
17. Ra4 cxd4 18. Nxd4 Nc5 19. Raa1 Nce4 20. Bxe4 Nxe4 21. f3
Nxc3 22. bxc3 f6 23. Ng4 Bc5 24. Kf1 Ke7 25. Rab1 Rhd8 26. e4
Bxd4 27. cxd4 Bc6 28. Rb4 Bb5 29. Ne3 c3+ 30. Kf2 Rc6 31. Nc2
Rdc8 32. Na3 c2 33. Rc1 Bd3 34. Rxb7+ R6c7 35. Rb2 Rc3 36. Ra2
f5 37. e5 g5 38. Ke1 f4 39. Kd2 Bf5 40. gxf4 gxf4 41. Nxc2
R8c4 42. Rb2 Rxf3 43. Rb7+ Ke8 44. Nb4 Rxd4+ 45. Ke2 Re3+
46. Kf1 Be4 47. Rg7 Kf8 48. Ra7 Rd8 49. Nxa6 Bd3+ 50. Kg1 Rxe5
51. Rd1 Rxa5 52. Nc7 Rxa7 53. Nxe6+ Ke7 54. Nxd8 Bb5 55. Rb1
Bd7 56. Nb7 Ra2 57. Nc5 Bc6 58. Nd3 Rg2+ 59. Kf1 f3 60. Rb6
Bd5 61. Rb4 Rxh2 62. Ne1 Ke6 63. Rf4 Rh1+ 64. Kf2 Rh2+ 65. Kg3
Re2 66. Nxf3 Re3 67. Kf2 Rxf3+ 68. Rxf3 Ke5 1/2-1/2

[Event "Chinese Chess League"]
[Site "China CHN"]
[Date "2017.11.02"]
[EventDate "2017.04.18"]
[Round "16.5"]
[Result "1/2-1/2"]
[White "Wang Hao"]
[Black "Ding Liren"]
[WhiteElo "2706"]
[BlackElo "2774"]
[PlyCount "63"]

1. d4 Nf6 2. c4 e6 3. Nf3 d5 4. Nc3 c6 5. e3 Nbd7 6. Qc2 Bd6
7. Bd3 O-O 8. O-O e5 9. cxd5 cxd5 10. e4 exd4 11. Nxd5 Nxd5
12. exd5 h6 13. Nxd4 Qh4 14. Nf3 Qh5 15. Bh7+ Kh8 16. Qf5 Qxf5
17. Bxf5 Nf6 18. Bd3 Bg4 19. Rd1 Rac8 20. h3 Bxf3 21. gxf3
Rfd8 22. Be3 b6 23. Bf5 Rc4 24. Rac1 Rxc1 25. Bxc1 Be5 26. Be4
Kg8 27. b3 Kf8 28. a4 Bd6 29. Kf1 Rc8 30. Bd2 Nh5 31. Ke2 Ke7
32. Rg1 1/2-1/2

[Event "Chinese Chess League"]
[Site "China CHN"]
[Date "2017.11.03"]
[EventDate "2017.04.18"]
[Round "17.3"]
[Result "1-0"]
[White "Ding Liren"]
[Black "Zeng Chongsheng"]
[WhiteElo "2774"]
[BlackElo "2546"]
[PlyCount "133"]

1. c4 e6 2. g3 d5 3. Bg2 c6 4. Qc2 Nf6 5. Nf3 Nbd7 6. d4 b6
7. O-O Bb7 8. Nc3 Bb4 9. a3 Bxc3 10. Qxc3 O-O 11. Rd1 Qe7
12. b4 Ne4 13. Qb3 a5 14. Nd2 Nxd2 15. Bxd2 Ba6 16. cxd5 cxd5
17. b5 Bb7 18. a4 Rfc8 19. Rac1 Nf6 20. f3 Ne8 21. e3 Nd6
22. Be1 Rc4 23. Rxc4 Nxc4 24. e4 Rc8 25. e5 f6 26. exf6 Qxf6
27. Bf2 Nd6 28. Bf1 Rc7 29. Re1 Bc8 30. Kg2 Nc4 31. Be2 Qh6
32. Bd3 Qd2 33. Re2 Qb4 34. Bc2 Qxb3 35. Bxb3 Nd6 36. g4 Rc3
37. Re3 Rc1 38. Re1 Rc3 39. Re3 Rc1 40. Be1 Nc4 41. Re2 Ra1
42. Bg3 Ra3 43. Bc2 Bd7 44. Kf2 Nb2 45. Bd6 Ra1 46. Re1 Ra2
47. Kg3 Nc4 48. Bb3 Rd2 49. Bxc4 dxc4 50. Rc1 c3 51. Rxc3 Rxd4
52. Be5 Rd5 53. Bc7 Rd4 54. Ra3 Kf7 55. Bxb6 Rc4 56. Bxa5 e5
57. Bd2 e4 58. f4 Rc2 59. Be3 g6 60. b6 Bc8 61. a5 Ba6 62. Rb3
Bf1 63. Bf2 h5 64. b7 g5 65. fxg5 h4+ 66. Kxh4 Rxf2 67. b8=Q
1-0

[Event "Champions Showdown: Carlsen-Ding (Rapid)"]
[Site "St Louis, MO USA"]
[Date "2017.11.11"]
[EventDate "2017.10.21"]
[Round "3.1"]
[Result "1/2-1/2"]
[White "Magnus Carlsen"]
[Black "Ding Liren"]
[WhiteElo "2826"]
[BlackElo "2772"]
[PlyCount "106"]

1. e4 e5 2. Nf3 Nc6 3. Bb5 a6 4. Ba4 Nf6 5. O-O Be7 6. d3 b5
7. Bb3 d6 8. a4 Bd7 9. c3 Na5 10. Ba2 bxa4 11. Nbd2 O-O
12. Bb1 Bb5 13. Bc2 Nb7 14. c4 Bd7 15. Bxa4 Bxa4 16. Qxa4 Nc5
17. Qc2 a5 18. b3 Ne6 19. Bb2 c5 20. Ra4 Nd7 21. Rfa1 Nb8
22. Nf1 Nc6 23. Ne3 Qd7 24. Bc3 Bd8 25. Qd1 Rb8 26. R4a2 g6
27. g3 f5 28. exf5 gxf5 29. Nd5 Rb7 30. Nd2 Qe8 31. f4 Qg6
32. Kh1 Nb4 33. Bxb4 cxb4 34. Nf3 exf4 35. gxf4 Rg7 36. Qe2
Re8 37. Rg1 Qh5 38. Rxg7+ Kxg7 39. Qf1 h6 40. Rg2+ Kh7 41. d4
Nc7 42. Qd1 Qf7 43. Nxc7 Bxc7 44. Qd3 Bd8 45. c5 Re4 46. cxd6
Rxf4 47. Ne5 Qd5 48. Qa6 Bb6 49. Nd7 Qf7 50. Qc4 Qxc4 51. Nf8+
Kh8 52. Ng6+ Kh7 53. Nf8+ Kh8 1/2-1/2

[Event "Champions Showdown: Carlsen-Ding (Rapid)"]
[Site "St Louis, MO USA"]
[Date "2017.11.11"]
[EventDate "2017.10.21"]
[Round "2.1"]
[Result "1/2-1/2"]
[White "Ding Liren"]
[Black "Magnus Carlsen"]
[WhiteElo "2772"]
[BlackElo "2826"]
[PlyCount "169"]

1. d4 d5 2. c4 c6 3. Nf3 Nf6 4. e3 Bg4 5. h3 Bh5 6. Nc3 e6
7. g4 Bg6 8. Ne5 Nbd7 9. Nxg6 hxg6 10. g5 Ng8 11. h4 Bb4
12. Qb3 Bxc3+ 13. bxc3 Ne7 14. Ba3 Nb6 15. Bxe7 Qxe7 16. c5
Nc8 17. c4 Qc7 18. cxd5 exd5 19. Bd3 Ne7 20. a4 b6 21. Rc1
bxc5 22. Rxc5 Rb8 23. Qd1 Rb4 24. Kf1 Qd7 25. Kg2 Qe6 26. Ra5
Rb7 27. Qf3 Qd6 28. Qg3 Qxg3+ 29. Kxg3 Kd7 30. Rb1 Kc7
31. Rxb7+ Kxb7 32. Rc5 Kc7 33. Rc1 Rb8 34. Rb1 Rxb1 35. Bxb1
a5 36. Kf4 Kd6 37. Bd3 Nc8 38. e4 dxe4 39. Kxe4 Nb6 40. Bc2 c5
41. dxc5+ Kxc5 42. Bb3 Nc4 43. Kd3 Nd6 44. Kc3 Ne4+ 45. Kc2 f6
46. gxf6 Nxf6 47. Bf7 Kb4 48. Bxg6 Kxa4 49. Kc3 Kb5 50. Bd3+
Kc5 51. Kb3 Nd5 52. Ka4 Nf4 53. Bf5 Kb6 54. f3 Ng2 55. h5 Nf4
56. Bg4 Nd3 57. Kb3 Kb5 58. Bd7+ Kc5 59. Ka4 Kb6 60. Bf5 Nc5+
61. Ka3 Kb5 62. Bg6 Kc4 63. f4 Kd4 64. f5 Ke5 65. Bh7 Kf6
66. Bg6 Kg5 67. Ka2 Ne4 68. Kb3 Ng3 69. Ka4 Nxh5 70. Kxa5 Ng3
71. Kb4 Nxf5 72. Be8 Kf4 73. Kc3 Ke3 74. Bd7 Nd4 75. Kc4 Ke4
76. Kc3 Nf3 77. Bc8 g5 78. Bd7 Ke3 79. Bc8 Nd2 80. Kc2 Ne4
81. Kd1 Kf2 82. Kc2 Nd6 83. Bd7 Nf7 84. Kd2 Ne5 85. Bc8
1/2-1/2

[Event "Champions Showdown: Carlsen-Ding (Rapid)"]
[Site "St Louis, MO USA"]
[Date "2017.11.11"]
[EventDate "2017.10.21"]
[Round "1.1"]
[Result "1/2-1/2"]
[White "Magnus Carlsen"]
[Black "Ding Liren"]
[WhiteElo "2826"]
[BlackElo "2772"]
[PlyCount "108"]

1. e4 e5 2. Nf3 Nc6 3. Bb5 a6 4. Ba4 Nf6 5. O-O Be7 6. d3 b5
7. Bb3 d6 8. c3 O-O 9. Re1 Na5 10. Bc2 c5 11. Nbd2 Re8 12. Nf1
Nc6 13. Ne3 Bf8 14. a4 b4 15. Bb3 h6 16. Nd5 Rb8 17. a5 Nxd5
18. Bxd5 Qc7 19. Nh4 Be6 20. Bxe6 Rxe6 21. Nf5 Rb5 22. Ne3
Rxa5 23. Nd5 Qd8 24. Be3 Rxa1 25. Qxa1 a5 26. Qa4 Ne7 27. Ra1
Nxd5 28. exd5 Re7 29. Qxa5 Qxa5 30. Rxa5 bxc3 31. bxc3 Rb7
32. Kf1 f5 33. Ke2 Kf7 34. Kd1 Be7 35. Kc2 g5 36. Ra6 h5
37. Bd2 g4 38. c4 h4 39. h3 Rb8 40. Ra7 Rg8 41. Kd1 f4 42. f3
gxf3 43. gxf3 Rg1+ 44. Be1 Rh1 45. Ke2 Rxh3 46. Bf2 Kf6
47. Kf1 Rxf3 48. Kg2 Rg3+ 49. Bxg3 hxg3 50. Kf3 Bf8 51. Ke4
Be7 52. Kf3 Bf8 53. Ke4 Be7 54. Kf3 Bf8 1/2-1/2

[Event "Champions Showdown: Carlsen-Ding (Rapid)"]
[Site "St Louis, MO USA"]
[Date "2017.11.11"]
[EventDate "2017.10.21"]
[Round "4.1"]
[Result "0-1"]
[White "Ding Liren"]
[Black "Magnus Carlsen"]
[WhiteElo "2772"]
[BlackElo "2826"]
[PlyCount "80"]

1. d4 Nf6 2. c4 e6 3. g3 d5 4. Bg2 Be7 5. Nf3 O-O 6. Qc2 c5
7. O-O cxd4 8. Nxd4 Nc6 9. Nxc6 bxc6 10. Rd1 Ba6 11. b3 Qb6
12. Nd2 Rfd8 13. Bb2 Rac8 14. Rac1 h6 15. e3 c5 16. cxd5 exd5
17. Nf3 d4 18. Qd2 Ne4 19. Qe1 d3 20. Nd2 Nxd2 21. Qxd2 c4
22. bxc4 Bb4 23. Bc3 Rxc4 24. Bxb4 Qxb4 25. Qxb4 Rxb4 26. Rd2
Rc4 27. Rcd1 Rc3 28. f4 Bc4 29. Kf2 Ra3 30. Bf1 a5 31. Ke1 a4
32. Rc1 Be6 33. Ra1 Kf8 34. Rb2 Rc3 35. Rd2 a3 36. Rb1 Bc4
37. Rb4 Rc1+ 38. Kf2 Bxa2 39. Ra4 Rc3 40. Rxa2 Rc2+ 0-1

[Event "Champions Showdown: Carlsen-Ding (Rapid G/20)"]
[Site "St Louis, MO USA"]
[Date "2017.11.12"]
[EventDate "2017.10.21"]
[Round "4.1"]
[Result "0-1"]
[White "Ding Liren"]
[Black "Magnus Carlsen"]
[WhiteElo "2772"]
[BlackElo "2826"]
[PlyCount "54"]

1. c4 Nf6 2. Nc3 e5 3. Nf3 Nc6 4. e3 Bb4 5. Qc2 d6 6. Nd5 Ba5
7. a3 Nxd5 8. cxd5 Ne7 9. b4 Bb6 10. Bc4 O-O 11. Bb2 Bf5
12. d3 Ng6 13. h4 h6 14. h5 Ne7 15. Nd2 Rc8 16. e4 Bg4 17. d4
exd4 18. f3 Bd7 19. Qd3 c6 20. dxc6 Bxc6 21. b5 Bd7 22. O-O d5
23. exd5 Bf5 24. Ne4 Nxd5 25. Bxd5 Qxd5 26. Rad1 Rfd8 27. Rfe1
Rc3 0-1

[Event "Champions Showdown: Carlsen-Ding (Rapid G/20)"]
[Site "St Louis, MO USA"]
[Date "2017.11.12"]
[EventDate "2017.10.21"]
[Round "1.1"]
[Result "1/2-1/2"]
[White "Magnus Carlsen"]
[Black "Ding Liren"]
[WhiteElo "2826"]
[BlackElo "2772"]
[PlyCount "72"]

1. d4 Nf6 2. c4 e6 3. Nc3 Bb4 4. Nf3 O-O 5. Bg5 c5 6. e3 cxd4
7. exd4 d5 8. Be2 dxc4 9. O-O h6 10. Bh4 b6 11. Ne5 Bxc3
12. bxc3 Bb7 13. Nxc4 Nbd7 14. Nd6 Bc6 15. c4 Qe7 16. Bg3 Rfd8
17. d5 exd5 18. Nf5 Qe8 19. Bc7 dxc4 20. Bxd8 Rxd8 21. Bf3 Ne5
22. Bxc6 Nxc6 23. Qa4 Ne5 24. Qxa7 Qe6 25. Qc7 Re8 26. Ne3 Rc8
27. Qb7 Nd3 28. Rad1 Ne4 29. Qd5 b5 30. h3 Qe8 31. Rxd3 cxd3
32. Qxd3 Rd8 33. Nd5 Qe5 34. Nf6+ Qxf6 35. Qxe4 g6 36. a4 bxa4
1/2-1/2

[Event "Champions Showdown: Carlsen-Ding (Rapid G/20)"]
[Site "St Louis, MO USA"]
[Date "2017.11.12"]
[EventDate "2017.10.21"]
[Round "2.1"]
[Result "0-1"]
[White "Ding Liren"]
[Black "Magnus Carlsen"]
[WhiteElo "2772"]
[BlackElo "2826"]
[PlyCount "134"]

1. d4 Nf6 2. c4 e6 3. Nc3 Bb4 4. e3 O-O 5. Bd3 d5 6. a3 Bxc3+
7. bxc3 dxc4 8. Bxc4 c5 9. Nf3 Qc7 10. Be2 b6 11. Bb2 Ba6
12. c4 cxd4 13. Nxd4 Nbd7 14. O-O Rac8 15. Nb5 Qb8 16. a4 Rfd8
17. Qd6 Bxb5 18. Qxb8 Nxb8 19. axb5 Rd2 20. Bxf6 gxf6 21. Rfe1
Rc7 22. Rad1 Rxd1 23. Rxd1 Nd7 24. g4 Kf8 25. Kg2 Ke7 26. Kg3
Nc5 27. f3 a5 28. bxa6 Nxa6 29. Ra1 Nc5 30. Ra8 Nd7 31. h4 Ne5
32. Ra4 h6 33. f4 Nc6 34. h5 Ra7 35. Rxa7+ Nxa7 36. Kh4 Kf8
37. g5 Kg7 38. gxh6+ Kxh6 39. Kg3 Nc8 40. Kf2 Nd6 41. Ke1 Ne4
42. Bf3 f5 43. Ke2 Nf6 44. Kd3 Ng4 45. Kc3 Kxh5 46. Kb4 Kh4
47. Kb5 Kg3 48. Bd1 Nxe3 49. Bb3 e5 50. Kxb6 exf4 51. c5 f3
52. c6 f2 53. c7 f1=Q 54. c8=Q f6 55. Qc7+ Qf4 56. Qxf4+ Kxf4
57. Kc5 Ke4 58. Ba4 f4 59. Bc6+ Kd3 60. Kd6 Nf5+ 61. Kd7 Nd4
62. Bb7 Ke3 63. Ke7 f5 64. Kf6 f3 65. Kg5 f2 66. Bg2 Nf3+
67. Kf6 f4 0-1

[Event "Champions Showdown: Carlsen-Ding (Rapid G/20)"]
[Site "St Louis, MO USA"]
[Date "2017.11.12"]
[EventDate "2017.10.21"]
[Round "3.1"]
[Result "1/2-1/2"]
[White "Magnus Carlsen"]
[Black "Ding Liren"]
[WhiteElo "2826"]
[BlackElo "2772"]
[PlyCount "87"]

1. e4 e5 2. Nf3 Nc6 3. Bc4 Nf6 4. d3 Bc5 5. O-O O-O 6. h3 d6
7. c3 a5 8. Re1 h6 9. Nbd2 Be6 10. Bb5 Qb8 11. Nf1 Qa7 12. Be3
Bxe3 13. Nxe3 Ne7 14. a4 Ng6 15. Bc4 Bxc4 16. Nxc4 Qa6 17. g3
Rfe8 18. Qb3 Nf8 19. Qb5 Ne6 20. d4 exd4 21. cxd4 Qxb5
22. axb5 b6 23. Ncd2 a4 24. Nb1 d5 25. exd5 Ng5 26. Rxe8+ Rxe8
27. Nbd2 Nxf3+ 28. Nxf3 Re2 29. Rxa4 Rxb2 30. Ra8+ Kh7 31. Ne5
Rxb5 32. Nxf7 Rxd5 33. g4 g5 34. Rc8 Rxd4 35. Rxc7 Rd7
36. Rxd7 Nxd7 37. Nd6 Kg6 38. Kg2 Ne5 39. Kg3 Nd3 40. f3 h5
41. h4 hxg4 42. fxg4 gxh4+ 43. Kxh4 Ne5 44. Kg3 1/2-1/2

[Event "Champions Showdown: Carlsen-Ding (Rapid G/20)"]
[Site "St Louis, MO USA"]
[Date "2017.11.12"]
[EventDate "2017.10.21"]
[Round "5.1"]
[Result "1-0"]
[White "Magnus Carlsen"]
[Black "Ding Liren"]
[WhiteElo "2826"]
[BlackElo "2772"]
[PlyCount "61"]

1. e4 e5 2. Nf3 Nc6 3. Bb5 a6 4. Ba4 Nf6 5. O-O Be7 6. d3 b5
7. Bb3 d6 8. a3 O-O 9. Nc3 Na5 10. Ba2 Be6 11. b4 Bxa2
12. Rxa2 Nc6 13. Bg5 Qd7 14. Bxf6 Bxf6 15. Nd5 a5 16. c4 Ne7
17. Rc2 Nxd5 18. cxd5 axb4 19. axb4 Ra4 20. Qd2 Rfa8 21. Rfc1
Bd8 22. h3 Ra1 23. Rxa1 Rxa1+ 24. Rc1 Ra4 25. d4 exd4 26. Nxd4
Bf6 27. Nc6 Qc8 28. e5 dxe5 29. d6 Ra8 30. Ne7+ Bxe7 31. dxe7
1-0

[Event "Champions Showdown: Carlsen-Ding (Rapid G/20)"]
[Site "St Louis, MO USA"]
[Date "2017.11.12"]
[EventDate "2017.10.21"]
[Round "6.1"]
[Result "1/2-1/2"]
[White "Ding Liren"]
[Black "Magnus Carlsen"]
[WhiteElo "2772"]
[BlackElo "2826"]
[PlyCount "66"]

1. Nf3 d5 2. d4 Nf6 3. c4 e6 4. g3 Be7 5. Bg2 O-O 6. O-O dxc4
7. Qc2 a6 8. a4 Bd7 9. Qxc4 Bc6 10. Bg5 h6 11. Bxf6 Bxf6
12. Nc3 Bxf3 13. Bxf3 c6 14. e3 a5 15. b4 axb4 16. Qxb4 Ra7
17. a5 Nd7 18. a6 Be7 19. Qc4 bxa6 20. Rxa6 Nb6 21. Qa2 Rxa6
22. Qxa6 c5 23. Nb5 cxd4 24. Nxd4 Nd7 25. Nc6 Nb8 26. Nxd8
Nxa6 27. Nc6 Bf6 28. Rc1 Nb8 29. Kg2 Nxc6 30. Rxc6 g6 31. Ra6
Kg7 32. Ra8 Rxa8 33. Bxa8 Be7 1/2-1/2

[Event "Champions Showdown: Carlsen-Ding (Blitz G/10)"]
[Site "St. Louis, MO USA"]
[Date "2017.11.13"]
[EventDate "2017.10.21"]
[Round "1.1"]
[Result "0-1"]
[White "Magnus Carlsen"]
[Black "Ding Liren"]
[WhiteElo "2826"]
[BlackElo "2772"]
[PlyCount "94"]

1. e4 c5 2. Nf3 e6 3. d4 cxd4 4. Nxd4 Nc6 5. Nc3 Qc7 6. Be3 a6
7. a3 b5 8. Nxc6 Qxc6 9. Bd3 Bb7 10. O-O Nf6 11. Re1 Rc8
12. Qf3 Bd6 13. Bd4 Qc7 14. Bxf6 gxf6 15. Qh5 Be5 16. Nd1 Ke7
17. c3 Rcg8 18. Ne3 Rg5 19. Qh3 h5 20. Qh4 Rhg8 21. g3 f5
22. exf5 Qc6 23. Nd5+ Qxd5 24. Be4 Qc4 25. b3 Qxc3 26. Bxb7
Bf6 27. Rac1 Qxb3 28. Qe4 Rg4 29. Qe2 h4 30. fxe6 fxe6
31. Rcd1 hxg3 32. fxg3 Rd4 33. Kg2 Rxd1 34. Rxd1 Qxa3 35. Qd2
Qb2 36. Qxb2 Bxb2 37. Bxa6 b4 38. Bd3 d5 39. Kf3 e5 40. Bc2
e4+ 41. Ke2 Rc8 42. Bb3 d4 43. Bd5 Rc2+ 44. Kf1 e3 45. Re1
Rf2+ 46. Kg1 Bc3 47. Rf1 Rxf1+ 0-1

[Event "Champions Showdown: Carlsen-Ding (Blitz G/10)"]
[Site "St. Louis, MO USA"]
[Date "2017.11.13"]
[EventDate "2017.10.21"]
[Round "2.1"]
[Result "0-1"]
[White "Ding Liren"]
[Black "Magnus Carlsen"]
[WhiteElo "2772"]
[BlackElo "2826"]
[PlyCount "70"]

1. Nf3 d5 2. g3 g6 3. Bg2 Bg7 4. d4 c6 5. O-O Nf6 6. b3 O-O
7. Bb2 Bf5 8. c4 Nbd7 9. e3 Ne4 10. Nfd2 Ndf6 11. Nxe4 Bxe4
12. Bh3 Qb6 13. f3 Bxb1 14. Rxb1 e6 15. Qd3 Rfe8 16. c5 Qc7
17. e4 b6 18. e5 Nd7 19. b4 a5 20. a3 Reb8 21. Bc3 Bf8
22. Rfc1 axb4 23. axb4 bxc5 24. bxc5 Ra3 25. Bf1 Nxc5 26. dxc5
Bxc5+ 27. Kh1 d4 28. Rxb8+ Qxb8 29. Qc4 Rxc3 30. Rxc3 dxc3
31. Qxc5 Qb1 32. Kg2 c2 33. Qd6 Qd1 34. Bd3 Qd2+ 35. Kh3 Qh6+
0-1

[Event "Champions Showdown: Carlsen-Ding (Blitz G/10)"]
[Site "St. Louis, MO USA"]
[Date "2017.11.13"]
[EventDate "2017.10.21"]
[Round "3.1"]
[Result "1-0"]
[White "Magnus Carlsen"]
[Black "Ding Liren"]
[WhiteElo "2826"]
[BlackElo "2772"]
[PlyCount "63"]

1. e4 c5 2. Nf3 e6 3. d3 Nc6 4. g3 d5 5. Qe2 Nf6 6. Bg2 Be7
7. O-O O-O 8. e5 Nd7 9. c4 d4 10. Re1 Rb8 11. h4 b5 12. cxb5
Rxb5 13. Na3 Rb8 14. Nc4 Nb6 15. b3 Nxc4 16. bxc4 Rb6 17. Ng5
h6 18. Nh3 Bb7 19. Qg4 Kh8 20. Qh5 Qe8 21. Bxh6 f5 22. Qxe8
Rxe8 23. Bd2 Kg8 24. Nf4 Kf7 25. Bf3 g6 26. Rab1 Rxb1 27. Rxb1
Ba8 28. h5 g5 29. Ng6 Bd8 30. Rb5 g4 31. Bg2 Bb6 32. a4 1-0